La vida y los tiempos / (Registro nro. 13425)
[ vista simple ]
| 000 -LIDER | |
|---|---|
| fixed length control field | 00803nam a2200253 a 4500 |
| 001 - NÚMERO DE CONTROL | |
| Identificador de número de control | |
| 003 - IDENTIFICACDOR DE NÚMERO DE CONTROL | |
| control field | DO-SdBNP |
| 005 - DATE AND TIME OF LATEST TRANSACTION | |
| control field | 20211013113705.0 |
| 008 - ELEMENTOS DE LONGITUD FIJA | |
| fixed length control field | 180316s2017 dr r 000 p spa d |
| 020 ## - ISBN | |
| International Standard Book Number | 9789945168334 |
| 040 ## - FUENTE DE CATALOGACIÓN | |
| Agencia que crea de manera original el registro | DO-SdBNP |
| Idioma de catalogación | spa |
| Agencia que realiza la transcripción | BPMSU |
| 082 ## - NÚMERO DE CLASIFICACIÓN DECIMAL DE DEWEY | |
| Classification number | RD863.5 |
| Item number | T266v 2017 |
| Edition number | 22 |
| 100 1# - ASIENTO PRINCIPAL -- NOMBRE PERSONAL | |
| Nombre personal | Tejada, Rafael Antonio |
| 245 13 - MENCIÓN DE TITULO | |
| Título | La vida y los tiempos / |
| Mención de responsabilidad | Rafael Antonio Tejada. |
| 260 ## - PUBLICACIÓN, DISTRIBUCIÓN, ETC. (PIE DE IMPRENTA) | |
| Lugar de publicación, distribución, etc | Santo Domingo : |
| Nombre del editor, distribuidor, etc. | Búho, |
| Fecha de publicación, distribución, etc | 2017. |
| 300 ## - DESCRIPCIÓN FÍSICA | |
| Extensión | 80 p. ; |
| Dimensiones | 22 cm. |
| 500 ## - NOTA GENERAL | |
| Nota general | Incluye datos biográficos del autor en la solapa de la cubierta. |
| 586 ## - AWARDS NOTE | |
| Awards note | Mención de Honor Funglode/ GFDD 2014 Premio de Novela "Federico García Godoy" |
| 590 ## - NOTA LOCAL | |
| Texto de la nota local | Inventariado, 2021/VM |
| 650 #4 - ENCABEZAMIENTO DE MATERIA--TEMÁTICO | |
| Término temático o nombre geográfico como elemento de entrada | Novela dominicana |
| 650 #4 - ENCABEZAMIENTO DE MATERIA--TEMÁTICO | |
| Término temático o nombre geográfico como elemento de entrada | Literatura dominicana |
| 910 ## - VALIDACIÓN | |
| Validación | VMateo V. |
| 942 ## - ADDED ENTRY ELEMENTS (KOHA) | |
| Source of classification or shelving scheme | Dewey Decimal Classification |
| Koha item type | Libros |
| Withdrawn status | Lost status | Source of classification or shelving scheme | Damaged status | Not for loan | Collection code | Home library | Current library | Date acquired | Source of acquisition | Total Checkouts | Full call number | Barcode | Date last seen | Price effective from | Koha item type | Copy number |
|---|---|---|---|---|---|---|---|---|---|---|---|---|---|---|---|---|
| Dewey Decimal Classification | Colección Dominicana | Biblioteca Pública Metropolitana Salomé Ureña | Biblioteca Pública Metropolitana Salomé Ureña | 10/13/2021 | Rafael Antonio Tejada | BPMSU CD RD863.5 T266v 2017 | BPMSU21100090 | 10/13/2021 | 10/13/2021 | Libros | ||||||
| Dewey Decimal Classification | Colección Dominicana | Biblioteca Pública Metropolitana Salomé Ureña | Biblioteca Pública Metropolitana Salomé Ureña | 10/13/2021 | Rafael Antonio Tejada | BPMSU CD RD863.5 T266v 2017 | BPMSU21100091 | 10/13/2021 | 10/13/2021 | Libros | e.2 | |||||
| Dewey Decimal Classification | Colección Dominicana | Biblioteca Pública Metropolitana Salomé Ureña | Biblioteca Pública Metropolitana Salomé Ureña | 10/13/2021 | Rafael Antonio Tejada | BPMSU CD RD863.5 T266v 2017 | BPMSU21100092 | 10/13/2021 | 10/13/2021 | Libros | e.3 |